Works, 1960-1998 (Запись № 3883965)

Подробности
000 -МАРКЕР
контрольное поле 01545nam0a2200325 4500
001 - ИДЕНТИФИКАТОР ЗАПИСИ
контрольное поле RU\NLR\b_ik\193514
005 - ИДЕНТИФИКАТОР ВЕРСИИ
контрольное поле 20250616231216.0
010 ## - МЕЖДУНАРОДНЫЙ СТАНДАРТНЫЙ НОМЕР КНИГИ (ISBN)
Номер (ISBN) 3-930775-67-0
035 ## - ДРУГИЕ СИСТЕМНЫЕ НОМЕРА
Идентификатор записи (NLR Aleph) 002265945
100 ## - ДАННЫЕ ОБЩЕЙ ОБРАБОТКИ
Данные общей обработки 20120207d1999 |||y0rusy50 ca
101 0# - ЯЗЫК РЕСУРСА
Язык текста, звукозаписи и т.д. английский
-- русский
102 ## - СТРАНА ПУБЛИКАЦИИ ИЛИ ПРОИЗВОДСТВА
Страна публикации германия
-- российская федерация
105 ## - ПОЛЕ КОДИРОВАННЫХ ДАННЫХ: ТЕКСТОВЫЕ МАТЕРИАЛЫ, МОНОГРАФИЧЕСКИЕ
Кодированные данные о монографическом текстовом документе ach |||||||||
200 1# - ЗАГЛАВИЕ И СВЕДЕНИЯ ОБ ОТВЕТСТВЕННОСТИ
Основное заглавие Works, 1960-1998
Параллельное заглавие Работы, 1960-1998
Сведения, относящиеся к заглавию [catalogue of the Exhibition, the State Russian museum, St. Petersburg, in the Ludwig museum in the Russian museum, April-May, 1999]
Первые сведения об ответственности Michail Grobman
Последующие сведения об ответственности ed. in chief: Evgenija Petrova
-- essays: Marc Scheps [et al.]
Язык параллельного заглавия русский
210 ## - ПУБЛИКАЦИЯ, РАСПРОСТРАНЕНИЕ И ДР.
Место издания, распространения и т.д. [Bad Breisig]
Имя издателя, распространителя и т. д. Palace Editions
Место издания, распространения и т.д. St. Petersburg
Имя издателя, распространителя и т. д. State Russ. museum
Дата издания, распространения и т.д. cop. 1999
215 ## - ФИЗИЧЕСКАЯ ХАРАКТЕРИСТИКА
Специфическое обозначение материала и объем 98 с.
Другие сведения о физической характеристике ил., цв. ил., факс., портр.
Размеры 30
300 ## - ОБЩИЕ ПРИМЕЧАНИЯ
Текст примечания Авт. также на рус. яз.: Михаил Гробман
300 ## - ОБЩИЕ ПРИМЕЧАНИЯ
Текст примечания Текст на англ. и рус. яз.
320 ## - ПРИМЕЧАНИЯ О НАЛИЧИИ В ДОКУМЕНТЕ БИБЛИОГРАФИИ / УКАЗАТЕЛЯ
Текст примечания Библиогр.: с. 97
510 1# - ПАРАЛЛЕЛЬНОЕ ЗАГЛАВИЕ
Связь между полями z45790
Параллельное заглавие Работы
Язык заглавия русский
541 0# - ПЕРЕВОД ЗАГЛАВИЯ, СДЕЛАННЫЙ КАТАЛОГИЗАТОРОМ
Заглавие Михаил Гробман
Сведения, относящиеся к заглавию Работы 1960 - 1998
Язык заглавия русский
600 01 - ИМЯ ЛИЦА КАК ПРЕДМЕТ
Начальный элемент ввода Гробман
Часть имени, кроме начального элемента ввода М.Я.
Даты 1939
Расширение инициалов личного имени Михаил Яковлевич
Формальный подзаголовок Каталоги
Тематический подзаголовок Выставки
Географический подзаголовок Санкт-Петербург, город
Хронологический подзаголовок 1999
Системный номер авторитетной/нормативной записи 2096283
Идентификатор авторитетной/нормативной записи RU\NLR\AUTH\661571841
686 1# - ИНДЕКСЫ ДРУГИХ КЛАССИФИКАЦИЙ
Индекс Щ143(2Р=Рус)6-8Гробман.л62
700 #1 - ИМЯ ЛИЦА - ПЕРВИЧНАЯ ОТВЕТСТВЕННОСТЬ
Начальный элемент ввода Grobman
Часть имени, кроме начального элемента ввода M.
Расширение инициалов личного имени Michail
Код отношения Автор
790 #1 - ИМЯ ЛИЦА - АЛЬТЕРНАТИВНАЯ ФОРМА
Связь между полями z45510
Начальный элемент ввода Гробман
Часть имени, кроме начального элемента ввода М.
Расширение инициалов личного имени Михаил
Код отношения Автор
801 #0 - ИСТОЧНИК ЗАПИСИ
Страна российская федерация
Организация NLR
Дата составления 20120207
Правила каталогизации RCR
942 ## - ДОПОЛНИТЕЛЬНЫЕ ЭЛЕМЕНТЫ ЗАПИСИ (АБИС)
Тип экземпляра АБИС Книга
980 ## - КОЛЛЕКЦИЯ
Название коллекции Национальная библиография
Экземпляры
Тип экземпляра Дата поступления Источник поступления Стоимость Библиотека постоянного хранения Библиотека текущего хранения Место хранения Шифр хранения Штрих-код Статус не для выдачи Публичное примечание
Книга 07.02.2012 Дар 50.00 РНБ (Садовая) РНБ (Садовая) Фонд эстампов и фотографий иностранный Э КП/Г860 1100367   ;